Calcul rapide - Statistiques

Statistiques générales
  • Ce quiz a été pris 490 fois
  • Le résultat moyen est 11 sur 15
Statistiques - réponses
Hint Réponse % Correct
7×5 35
98%
6×6 36
98%
8×4 32
89%
11×3 33
89%
17×2 34
89%
37×1 37
84%
3×10 30
76%
4×5×2 40
74%
7×4 28
72%
10×1,9×2 38
57%
29×1 29
55%
6×6,5 39
52%
3×9 27
50%
1,55×20 31
42%
4×2×3,25 26
36%
Aucun quiz correspondant
Distribution des résultats
% des personnes avec chaque résultat
Percentile par nombre de réponses
Votre historique - résultats
Vous n’avez pas pris ce quiz